000 00327nam a2200121 i 4500
001 bg
245 0 _aSvojstva nekotorych novych poluprovadnikovych materialov i priborov /
_cpod red. S.I. Radaucana.
260 _aKiĊĦinev,
_c1974.
040 _cBPK
041 _apol
942 _cKS
008 s pl f |000 0 pol
999 _c26576
_d26576
856 _uhttp://koha.tu.koszalin.pl/cgi-bin/koha/opac-detail.pl?biblionumber=26576
_yKatalog online BPK